• 首页
  • 本馆介绍
  • 公告通知
  • 最新文献
  • 馆藏检索
  • 电子资源
  • 读者导购
  • 参考咨询
  • 我的图书馆
  • 登录
  • 详细信息显示
  • 放入我的书架
  • 预约/预借图书
  • 作者相关作品
  • 分类相关作品
  • 丛书相关作品
  • 出版社相关作品

书目信息

  • 表格格式
  • 工作单格式
  • 卡片格式
题名:
多元化方式推动抚顺市乡村振兴路径研究
    
 
作者: 刘士全 主编
分册:  
出版信息: 沈阳   辽宁大学出版社  2019.07
页数: 196页
开本: 24cm
丛书名:
单 册:
中图分类: F327.313
科图分类:
主题词: 农村--nong cun--社会主义建设--研究--抚顺
电子资源:
ISBN: 978-7-5610-9569-0
000 00945nam0 2200241 450
001 CAL 0120192866939
005 20230217093113.0
010    @a978-7-5610-9569-0@dCNY45.00
100    @a20191010d2019 em y0chiy0120 ea
101 0  @achi
102    @aCN@b210000
105    @ay z 000yy
106    @ar
200 1  @a多元化方式推动抚顺市乡村振兴路径研究@Aduo yuan hua fang shi tui dong fu shun shi xiang cun zhen xing lu jing yan jiu@f主编刘士全
210    @a沈阳@c辽宁大学出版社@d2019.07
215    @a196页@d24cm
314    @a刘士全, 抚顺市社会科学院经济所、社会学研究所党支部书记等职。
330    @a本书是围绕抚顺农村产业发展和一、二、三产业深度融合的重点课题。内容包括: 特色产业支撑乡村振兴、特色小镇托举乡村振兴、特色企业带动乡村振兴三大部分。
606    @a农村@Anong cun@x社会主义建设@x研究@y抚顺
690    @aF327.313@v5
701  0 @a刘士全@Aliu shi quan@4主编
801  0 @aCN@bBJXHZP@c20230228
905    @b1405352-5@dF327.313@e223@f4
    
    多元化方式推动抚顺市乡村振兴路径研究/主编刘士全.-沈阳:辽宁大学出版社,2019.07
    196页;24cm
    
    
    ISBN 978-7-5610-9569-0:CNY45.00
    本书是围绕抚顺农村产业发展和一、二、三产业深度融合的重点课题。内容包括: 特色产业支撑乡村振兴、特色小镇托举乡村振兴、特色企业带动乡村振兴三大部分。
●
相关链接 在E读中查询图书 在五车中查询图书 在当当中查询图书 在豆瓣中查询图书


正题名:多元化方式推动抚顺市乡村振兴路径研究     索取号:F327.313/223         预约/预借

序号 登录号 条形码 馆藏地/架位号 状态 备注
1 1405352   214053520   第一样本阅览室/ [索取号:F327.313/223] 在馆    
2 1405353   214053539   第一借阅区/ [索取号:F327.313/223] 在馆    
3 1405354   214053548   第一借阅区/ [索取号:F327.313/223] 在馆    
4 1405355   214053557   第一借阅区/ [索取号:F327.313/223] 在馆    
唐山师范学院图书馆 欢迎您!
大连网信软件有限公司© 版权所有